|
|
|
|
| LEADER |
01159nam a2200313 a 4500 |
| 001 |
28726 |
| 003 |
BD-DhAAL |
| 005 |
20150106113543.0 |
| 008 |
150106s2002 ii 000 1 eng |
| 010 |
|
|
|a 2002314751
|
| 020 |
|
|
|a 0060936789
|
| 020 |
|
|
|a 0670049182
|
| 025 |
|
|
|a I-E-2002-314751; 27
|
| 035 |
|
|
|a (DLC) 2002314751
|
| 037 |
|
|
|b Library of Congress -- New Delhi Overseas Office
|c Rs395.00
|
| 040 |
|
|
|a DLC
|c DLC
|d DLC
|d BD-DhAAL
|
| 042 |
|
|
|a lcode
|
| 050 |
0 |
0 |
|a PR9499.3.D394
|b H68 2002
|
| 082 |
0 |
0 |
|a 823/.92
|2 21
|
| 100 |
1 |
|
|a Davidar, David.
|9 7117
|
| 245 |
1 |
4 |
|a The house of blue mangoes /
|c David Davidar.
|
| 260 |
|
|
|a New Delhi :
|b Perennial ;
|b Viking in association with Weidenfeld & Nicolson,
|c 2002.
|
| 300 |
|
|
|a 421 p. ;
|c 24 cm.
|
| 500 |
|
|
|a Novel.
|
| 541 |
|
|
|e 28726
|
| 651 |
|
0 |
|a India
|v Fiction.
|x History
|y British occupation, 1765-1947
|9 7118
|
| 942 |
|
|
|2 ddc
|c BK
|
| 999 |
|
|
|c 33390
|d 33390
|
| 952 |
|
|
|0 0
|1 0
|2 ddc
|4 0
|6 823_920000000000000_DAV
|7 0
|9 44631
|a BRACUL
|b BRACUL
|c GEN
|d 2015-01-06
|e BRAC Institute of Language (BIL)
|l 1
|m 6
|o 823.92 DAV
|p 3010028726
|r 2024-04-28
|s 2024-02-25
|t 1
|w 2015-01-06
|y BK
|x Transferred from BIL to BRACUL on 06/06/22
|